| 000 | 00508nam a2200193 a 4500 | ||
|---|---|---|---|
| 001 | 1773224833567 | ||
| 003 | YourLibrary | ||
| 005 | 20260311160325.0 | ||
| 008 | 260311s1997##################000#0#eng## | ||
| 020 | _a9781858986067 | ||
| 082 | 0 | 4 |
_a338.9439 _bKOR |
| 100 | 1 |
_aKornai, János, _eauthor. |
|
| 245 | 1 | 0 | _aStruggle and Hope : |
| 260 |
_bEdward Elgar Publishing, _c1997. |
||
| 300 | _a312 pages | ||
| 650 | 0 | _aBusiness & Economics. | |
| 942 | _cENGLISH | ||
| 040 |
_aYourLibrary _beng _cYourLibrary |
||
| 999 |
_c617631 _d617631 |
||